000 00750nam a2200337Ia 4500
001 2253
008 191123s9999 xx 000 0 und d
041 _afre
044 _acl
100 _aRead, Herbert
245 0 _aHans Richter.
260 _aNeuchâtel :
_bGriffon,
_c1965.
300 _a132 p.
504 _aBibliografía pp. 129
650 _aALEMANIA
650 _aBIOGRAFIAS
650 _aDIBUJOS
650 _aMOSAICOS
650 _aPINTURAS
650 _aRICHTER, HANS
700 _aRichter, Hans,
902 _aM
903 _am
904 _am
907 _aImpreso
911 _aláminas color y b/n; 30 cm
912 _a1965
942 _cLIBRO
999 _c1950
_d1950
490 0 _aArts plastiques du XXe. siècle